Najwyższe szczyty Polski - Statystyki

Ogólne statystyki
  • Ten quiz został rozwiązany 794 razy
  • Średni wynik to 5 z 12
Statystyki odpowiedzi
Pasmo Górskie Wysokość m. n. p. m. Szczyt % Poprawnych
Tatry 2499 m Rysy
98%
Karkonosze 1603 m Śnieżka
91%
Beskid Żywiecki 1725 m Babia Góra
69%
Bieszczady 1346 m Tarnica
60%
Gorce 1310 m Turbacz
44%
Beskid Śląski 1257 m Skrzyczne
34%
Pieniny 1050 m Wysoka
34%
Beskid Sądecki 1262 m Radziejowa
26%
Beskid Wyspowy 1170 m Mogielica
19%
Beskid Niski 997 m Lackowa
18%
Góry Izerskie 1126 m Wysoka Kopa
16%
Góry Bialskie 1124 m Postawna
4%
Nie znaleziono quizów pasujących do podanych kryteriów
Rozkład punktacji
Procent ludzi z każdym wynikiem
Percentyl według liczby udzielonych odpowiedzi
Twoja historia wyników
Nie rozwiązałeś tego quizu